LEADER 01027nam2 22002411i 450 001 RML0263034 005 20231121125720.0 100 $a20121121d1997 ||||0itac50 ba 101 | $aita 102 $ait 181 1$6z01$ai $bxxxe 182 1$6z01$an 200 1 $a˜TomoI œCommenti 462 1$1001RML0263033$12001 $a˜I œcontratti collettivi di comparto$eMinisteri, Enti pubblci non economici, Regioni, Autonomie locali, Aziende ed Amministrazioni autonome dello Stato, Sanità, Scuola, Università, Istituzioni ed Enti di ricerca$fdiretto da Franco Carinci 676 $a344.45018904135$9$v21 801 3$aIT$bIT-01$c20121121 850 $aIT-FR0098 899 $aBiblioteca Area Giuridico Economica$bFR0098 912 $aRML0263034 950 2$aBiblioteca Area Giuridico Economica$d 53IMP 26 102$e 53VM 0000331465 VMB A4 barcode:ECO014429. - Inv:7076VM Tomo 1$fA $h20030515$i20121204 977 $a 53 996 $aCommenti$91401988 997 $aUNICAS LEADER 01413nam2 22003493i 450 001 NAP0422989 005 20251003044251.0 010 $a9780444532787 100 $a20081118d2008 ||||0itac50 ba 101 | $aeng$adan$ager 102 $anl 181 1$6z01$ai $bxxxe 182 1$6z01$an 200 1 $aˆ10: ‰Complementary beyond physics$e(1928-1962)$fedited by Favrholdt 205 $aSpecial limited edition (300 sets) 210 $aAmsterdam [etc.]$cElsevier$d2008 215 $aXLIX, 613 p., [1] ritr.$cill.$d27 cm 300 $aData di ed. sul front.: 1999. 461 1$1001NAP0422902$12001 $aNiels Bohr$ecollected works$fgeneral editor L. Rosenfeld$g[poi] Erik Rüdinger$g[poi] Finn Aaserud$v10 606 $aFisica moderna$2FIR$3CFIC033680$9E 676 $a539$9Fisica moderna$v14 700 1$aBohr$b, Niels$3RAVV061891$4070$0256 702 1$aFavrholdt$b, David$3TO0V073534 790 1$aBohr$b, Niels Henrik David$3MILV261085$zBohr, Niels 790 1$aBohr$b, Niels Henrik David$f <1885-1962>$3NAPV108448$zBohr, Niels 801 3$aIT$bIT-000000$c20081118 850 $aIT-BN0095 912 $aNAP0422989 950 2$aBiblioteca Centralizzata di Ateneo$cv. 1-13$d 01SPECIALI Fis.Mod. 0001$e 0102 0000070895 VMA (0010 v. 10$fY $h20081113$i20081113 977 $a 01 996 $aComplementary beyond physics$91573153 997 $aUNISANNIO